00741nam a22001097a 4500040000800000082002700008100006100035245039700096260002600493300002500519856008700544 cRUA aVEM SRE 2014 B441 Or.1 aSRENG SAINGVOUCH ; ស្រេង សំាងវួច aEffect of levamisole on gastrointestinal parasites of sheep in svay ampear commune, mukhkampol district, kandal province, ប្រសិទ្ធភាពឳសថ Levamisole ទៅលើបរាសិតខាងក្នុងក្រពះពោះវៀនចៀម នៅឃុំស្វាយអំពារ ស្រុកមុខកំពូល ខេត្តកណ្ដាល aPhnom PenhbRUAc2014 ax ;39p.bill.c29cm. uhttps://drive.google.com/file/d/1NCNxEryBQzZ5IqPat26cGSHYkAY8nEUe/view?usp=sharing